|
|
|
|
| LEADER |
00000nam0a2200000 4500 |
| 001 |
291214 |
| 005 |
20231102000350.0 |
| 020 |
|
|
|a RU
|b 84-8688
|
| 035 |
|
|
|a (RuTPU)RU\TPU\book\315779
|
| 090 |
|
|
|a 291214
|
| 100 |
|
|
|a 20150413d1983 k y0rusy5003 ca
|
| 101 |
0 |
|
|a rus
|
| 102 |
|
|
|a UA
|
| 105 |
|
|
|a a z 001zy
|
| 200 |
1 |
|
|a Физико-химические основы практического использования изо- и гетерополисоединений
|e сборник научных трудов
|f Днепропетровский государственный университет (ДГУ)
|
| 210 |
|
|
|a Днепропетровск
|c Изд-во ДГУ
|d 1983
|
| 215 |
|
|
|a 180 с.
|c ил.
|d 20 см
|
| 320 |
|
|
|a Библиогр. в конце ст.
|
| 606 |
1 |
|
|a Полимеры
|x Физико-химические свойства
|2 stltpush
|3 (RuTPU)RU\TPU\subj\50317
|9 69020
|
| 610 |
1 |
|
|a гетерополисоединения
|
| 610 |
1 |
|
|a технологические процессы
|
| 610 |
1 |
|
|a катализаторы
|
| 610 |
1 |
|
|a комплексообразование
|
| 610 |
1 |
|
|a поливанадаты
|
| 610 |
1 |
|
|a гетерополикислоты
|
| 610 |
1 |
|
|a пропилен
|
| 610 |
1 |
|
|a изополисоединения
|
| 675 |
|
|
|a 678.01:54
|v 3
|
| 712 |
0 |
2 |
|a Днепропетровский государственный университет (ДГУ)
|g ДГУ
|y Днепропетровск (Украина)
|z (1918-2016)
|2 stltpush
|3 (RuTPU)RU\TPU\col\11280
|
| 801 |
|
0 |
|a RU
|b RuMRKP
|c 19950704
|g psbo
|
| 801 |
|
1 |
|a RU
|b 63413507
|c 20150413
|
| 801 |
|
2 |
|a RU
|b 63413507
|c 20180508
|g RCR
|
| 942 |
|
|
|c BK
|